|
|
|
|
| LEADER |
00000naa2a2200000 4500 |
| 001 |
606176 |
| 005 |
20240117154320.0 |
| 035 |
|
|
|a (RuTPU)RU\TPU\conf\3555
|
| 035 |
|
|
|a RU\TPU\conf\3554
|
| 090 |
|
|
|a 606176
|
| 100 |
|
|
|a 20140522d2013 k y0rusy50 ca
|
| 101 |
0 |
|
|a rus
|
| 102 |
|
|
|a RU
|
| 105 |
|
|
|a y z 101zy
|
| 135 |
|
|
|a drgn ---uucaa
|
| 181 |
|
0 |
|a i
|
| 182 |
|
0 |
|a b
|
| 200 |
1 |
|
|a Кредитование малого предпринимательства
|f А. Г. Белозерова
|g науч. рук. В. И. Марчук
|
| 203 |
|
|
|a Текст
|c электронный
|
| 225 |
1 |
|
|a Проблемы теории и методологии экономической науки
|
| 300 |
|
|
|a Заглавие с титульного экрана
|
| 320 |
|
|
|a [Библиогр.: с. 13 (2 назв.)]
|
| 330 |
|
|
|a Одним из условий успешного развития малого предпринимательства является его кредитование. Для получения кредита необходимо правильно выбрать банк, у которого более выгодные условия кредитования. Это не только низкая процентная ставка, но и сроки кредитования, льготы. Успешное сотрудничество с банком даст предприятию хорошую кредитную историю, в результате чего клиенту может быть открыта кредитная линия.
|
| 337 |
|
|
|a Adobe Reader
|
| 463 |
|
0 |
|0 (RuTPU)RU\TPU\conf\3320
|t Экономика России в XXI веке
|o сборник научных трудов Х Всероссийской научно-практической конференции "Фундаментальные проблемы модернизации экономики России", г. Томск, 19-23 ноября 2013 г.
|f Национальный исследовательский Томский политехнический университет (ТПУ) ; под ред. Г. А. Барышевой и др.
|v [С. 11-13]
|d 2013
|
| 610 |
1 |
|
|a труды учёных ТПУ
|
| 610 |
1 |
|
|a электронный ресурс
|
| 610 |
1 |
|
|a кредитование
|
| 610 |
1 |
|
|a малое предпринимательство
|
| 610 |
1 |
|
|a кредиты
|
| 610 |
1 |
|
|a банки
|
| 610 |
1 |
|
|a кредитные линии
|
| 700 |
|
1 |
|a Белозерова
|b А. Г.
|
| 702 |
|
1 |
|a Марчук
|b В. И.
|c экономист
|c старший преподаватель Юргинского технологического института (филиала) Томского политехнического университета
|f 1977-
|g Вероника Ивановна
|4 727
|
| 712 |
0 |
2 |
|a Национальный исследовательский Томский политехнический университет (ТПУ)
|b Юргинский технологический институт (филиал) (ЮТИ)
|b Кафедра экономики и автоматизации систем управления (ЭАСУ)
|3 (RuTPU)RU\TPU\col\18900
|
| 801 |
|
2 |
|a RU
|b 63413507
|c 20140522
|g RCR
|
| 856 |
4 |
|
|u http://www.lib.tpu.ru/fulltext/c/2013/C40/004.pdf
|
| 942 |
|
|
|c BK
|